| 000 | 00000nas##2200000za#4500 |
| 001 | 9.503446 |
| 003 | CaOODSP |
| 005 | 20200325093234 |
| 007 | cr ||||||||||| |
| 008 | 150406c1997||||xxc|| p o||||f| |0fre|d |
| 040 | |aCaOODSP|bfre |
| 043 | |an-cn--- |
| 086 | 1 |aF1-43F-PDF |
| 110 | 1 |aCanada. |bMinistère des finances. |
| 245 | 10|aMinistère des Finances - stratégie de développement durable |h[ressource électronique] |
| 260 | |aOttawa - Ontario : |bFinances Canada |c1997-. |
| 310 | |aTous les trois ans |
| 362 | 1 |aDéc/ 1997- |
| 691 | 07|aDéveloppement durable|2gcpds |
| 691 | 07|aPolitique économique|2gcpds |
| 775 | 08|tDepartment of Finance - sustainable development strategy |w(CaOODSP)9.507054 |